| 000 | 01345nam a22002897a 4500 | ||
|---|---|---|---|
| 005 | 20110802101758.0 | ||
| 010 | _aB-423713 | ||
| 020 |
_a9788173053900 _c1800.00 |
||
| 035 | _aB-423713 | ||
| 037 | _bAllied Publishers | ||
| 082 | _a709.54 | ||
| 100 | 1 |
_aVashishtha, Neelima, _d1941- _932315 |
|
| 245 | 1 | 0 |
_aTradition and modernity in Indian arts : _bduring the twentieth century / _cNeelima Vashishtha. |
| 246 | 3 | 0 | _aIndian arts |
| 260 |
_aShimla : _bIndian Institute of Advanced Study ; _aNew Delhi : _bAryan Books International, _c2010. |
||
| 300 |
_axvii, 226 p., 79 plates : _bcol. ill. ; _c28 cm. (Hb) |
||
| 500 | _aIncludes bibliographical references (p. 207-216) and index. | ||
| 650 | 0 |
_aPainting, Indic _y20th century. _932316 |
|
| 650 | 0 |
_aSculpture, Indic _y20th century. _932317 |
|
| 650 | 0 |
_aCulture in art. _932318 |
|
| 650 | 0 |
_aModernism (Art) _932319 |
|
| 710 | 2 |
_aIndian Institute of Advanced Study. _930733 |
|
| 942 |
_2ddc _cEN _h709.54 _mVAS |
||
| 999 |
_c54649 _d54649 |
||